[Event "AUTO-MASTER-3295"]
[Site "http://www.queenalice.com/game.php?id=1868896"]
[Date "2026.2.4"]
[Round "1"]
[White "Pin"]
[Black "rockaudrey"]
[Result "0-1"]
[WhiteElo "2040"]
[BlackElo "2282"]

1. d4 Nf6 2. Nf3 e6 3. c4 d5 4. e3 Be7 5. Nc3 O-O 6. cxd5 Nxd5 7. Bd3 Nd7 8. O-O
N7f6 9. Bd2 b6 10. Rc1 Bb7 11. Ne5 c5 12. f4 Rc8 13. Ne4 Nb4 14. Bb1 Bxe4 15. a3
Bxb1 16. Rxb1 Nbd5 17. Qf3 cxd4 18. exd4 Qd6 19. f5 Rc2 20. Bc3 Nxc3 21. bxc3
Qxa3 22. Ra1 Qxc3 23. Qxc3 Rxc3 24. fxe6 a5 25. exf7+ Rxf7 26. Nxf7 Kxf7 27.
Rfd1 Nd5 28. Rf1+ Ke6 29. Rae1+ Kd6 30. Rf5 Bf6 31. Re4 Rd3 32. g4 Bxd4+ 33. Kf1
Ne3+ 0-1

[Event "AUTO-OPEN-4638"]
[Site "http://www.queenalice.com/game.php?id=1869049"]
[Date "2026.2.10"]
[Round "1"]
[White "Capixaba789"]
[Black "rockaudrey"]
[Result "0-1"]
[WhiteElo "1911"]
[BlackElo "2297"]

1. d4 Nf6 2. c4 e6 3. Nc3 Bb4 4. Bd2 O-O 5. f4 b6 6. Nf3 Bb7 7. e3 d6 8. Be2
Nbd7 9. O-O Bxc3 10. Bxc3 Ne4 11. Be1 f5 12. b3 Ndf6 13. Rc1 Qe8 14. Bh4 Ng4 15.
Ng5 Nxe3 16. Qd3 Nxf1 17. Rxf1 Qg6 18. Bf3 h6 19. Nxe4 fxe4 20. Qc2 Rxf4 21. Bg3
Rf6 22. Bd1 Raf8 23. Rxf6 Qxf6 24. Be2 Qxd4+ 25. Bf2 Qxf2+ 26. Kh1 Qe1+ 0-1

[Event "AUTO-OPEN-4638"]
[Site "http://www.queenalice.com/game.php?id=1869050"]
[Date "2026.2.10"]
[Round "1"]
[White "rockaudrey"]
[Black "Capixaba789"]
[Result "1-0"]
[WhiteElo "2294"]
[BlackElo "1903"]

1. e4 e5 2. Nf3 d6 3. d4 exd4 4. Nxd4 Nf6 5. Nc3 Be7 6. Be2 O-O 7. g4 Bd7 8. h4
Nc6 9. g5 Ne8 10. Be3 Nxd4 11. Bxd4 c5 12. Be3 Nc7 13. Qd2 Ne6 14. O-O-O a6 15.
f4 Bc6 16. f5 Nd4 17. Bxd4 cxd4 18. Qxd4 f6 19. Nd5 Bxd5 20. Qxd5+ Kh8 21. gxf6
Bxf6 22. Qxd6 Qa5 23. Qd5 Qb6 24. Qb3 Qa5 25. Rd5 b5 26. e5 Be7 27. Rg1 Rad8 28.
Rxd8 Bxd8 29. Qe6 Bb6 30. Rd1 b4 31. Bc4 1-0

[Event "AUTO-OPEN-4638"]
[Site "http://www.queenalice.com/game.php?id=1869097"]
[Date "2026.2.10"]
[Round "1"]
[White "rockaudrey"]
[Black "alvm"]
[Result "0-1"]
[WhiteElo "2298"]
[BlackElo "2181"]

1. e4 c6 2. Nf3 d5 3. d3 dxe4 4. Ng5 exd3 5. Bxd3 Nf6 6. Nxf7 Qd5 7. Nxh8 Qxg2
8. Rf1 Bg4 9. Qd2 Nbd7 10. Nc3 O-O-O 11. Nf7 Re8 12. Qf4 e5 13. Qg3 Qxg3 14.
hxg3 e4 15. Bc4 Ne5 16. Nxe5 Rxe5 17. Bf4 Re8 18. Kd2 Rd8+ 19. Ke3 Bc5# 0-1

[Event "AUTO-OPEN-4638"]
[Site "http://www.queenalice.com/game.php?id=1869098"]
[Date "2026.2.10"]
[Round "1"]
[White "alvm"]
[Black "rockaudrey"]
[Result "0-1"]
[WhiteElo "2179"]
[BlackElo "2274"]

1. d4 Nf6 2. c4 e6 3. Nf3 Be7 4. Nc3 O-O 5. e4 d6 6. Bd3 b6 7. O-O Bb7 8. Re1
Nbd7 9. Bf4 Nh5 10. Be3 Nhf6 11. Rc1 a6 12. b4 Rc8 13. c5 bxc5 14. bxc5 dxc5 15.
Qc2 cxd4 16. Nxd4 c5 17. Nf3 c4 18. Bf1 Bb4 19. Nd2 Bxc3 20. Qxc3 Nxe4 21. Nxe4
Bxe4 22. Bxc4 Bd5 23. Qd3 Ne5 24. Qd4 Rxc4 25. Qxe5 Re4 26. Qh5 Rh4 27. Qe5 Re4
28. Qg3 Qf6 29. a3 Ra4 30. Bg5 Qg6 31. h4 h6 32. Be7 Qxg3 33. fxg3 Rb8 34. Rc7
Rb2 35. Rc8+ Kh7 36. Re3 Rxg2+ 37. Kf1 Rh2 38. Rf8 Rc4 39. Bb4 Rc1+ 40. Re1 Bc4+
41. Kg1 Rcc2 0-1

[Event "Game 3 (26)"]
[Site "http://www.queenalice.com/game.php?id=1870961"]
[Date "2026.3.24"]
[Round "-"]
[White "rockaudrey"]
[Black "MarcosT"]
[Result "1-0"]
[WhiteElo "2292"]
[BlackElo "2073"]

1. d4 d5 2. Nf3 Nf6 3. g3 c5 4. Bg2 e6 5. O-O Nc6 6. Nbd2 cxd4 7. Nb3 e5 8. e3
dxe3 9. Bxe3 Be7 10. Re1 O-O 11. c3 e4 12. Nfd4 Bg4 13. Qd2 Ne5 14. Bf4 Nc4 15.
Qc2 Re8 16. Nd2 Bd6 17. Bg5 Be7 18. Nxc4 dxc4 19. Bxf6 Bxf6 20. Rxe4 Qd7 21.
Rae1 Bxd4 22. cxd4 Kf8 23. Qxc4 Rxe4 24. Rxe4 Rc8 25. Qb4+ Kg8 26. Re7 Rc1+ 27.
Bf1 Bh3 28. Re1 Rxe1 29. Qxe1 Be6 30. Qc3 g6 31. Bc4 Bh3 32. Qf3 a6 33. a3 h5
34. Qf6 Be6 35. Bxe6 Qxe6 36. Qxe6 fxe6 37. Kf1 Kf7 38. Ke2 Kf6 39. Ke3 Kf5 40.
f3 g5 41. h3 b5 42. g4+ hxg4 43. hxg4+ Kf6 44. Ke4 1-0

[Event "Game 4 (26)"]
[Site "http://www.queenalice.com/game.php?id=1870962"]
[Date "2026.3.24"]
[Round "-"]
[White "MarcosT"]
[Black "rockaudrey"]
[Result "0-1"]
[WhiteElo "2109"]
[BlackElo "2284"]

1. e4 c5 2. Nf3 d6 3. Bc4 Nf6 4. d3 e6 5. O-O Be7 6. Nbd2 O-O 7. c3 Nc6 8. a3
Bd7 9. Bb3 Qc7 10. Re1 Rac8 11. Nf1 b5 12. Bc2 e5 13. Ng3 Rfe8 14. Nf5 Bxf5 15.
exf5 Rcd8 16. Ng5 h6 17. Ne4 d5 18. Nxf6+ Bxf6 19. Re3 d4 20. Rh3 e4 21. dxe4
dxc3 22. Qg4 cxb2 23. Bxb2 Bxb2 24. Rf1 Qe5 25. Rxh6 Rd6 26. Rh3 Red8 27. Rh5
Ne7 28. Qh4 Rh6 29. Rxh6 gxh6 30. Qxh6 Qg7 31. Qh3 Qc3 32. Qg4+ Qg7 33. Qe2 c4
34. a4 a6 35. axb5 axb5 36. g3 Bc3 0-1

[Event "AUTO-OPEN-4610"]
[Site "http://www.queenalice.com/game.php?id=1871175"]
[Date "2026.3.29"]
[Round "2"]
[White "WoodpusherKid"]
[Black "rockaudrey"]
[Result "1-0"]
[WhiteElo "2713"]
[BlackElo "2294"]

1. e4 c5 2. Nf3 d6 3. Bb5+ Bd7 4. Bxd7+ Nxd7 5. O-O Ngf6 6. d3 e6 7. c4 Be7 8.
b3 O-O 9. Na3 a6 10. Bb2 Rb8 11. Qe2 h6 12. Nc2 b5 13. Ne3 bxc4 14. bxc4 Nh5 15.
Rab1 Nf4 16. Qd2 Bf6 17. Bxf6 Qxf6 18. Ng4 Nh3+ 19. Kh1 Qf4 20. Ne3 Rfd8 21.
Rfc1 Qf6 22. Ng4 Qf4 23. Ne3 Rdc8 24. Rf1 Ng5 25. Ng1 Qf6 26. Ng4 Qd8 27. f4 Nh7
28. h3 Rxb1 29. Rxb1 Rb8 30. Rb2 Nhf6 31. Nxf6+ Nxf6 32. Kh2 Nh5 33. Rxb8 Qxb8
34. Nf3 1-0

[Event "AUTO-OPEN-4610"]
[Site "http://www.queenalice.com/game.php?id=1871176"]
[Date "2026.3.29"]
[Round "2"]
[White "rockaudrey"]
[Black "WoodpusherKid"]
[Result "0-1"]
[WhiteElo "2295"]
[BlackElo "2712"]

1. e4 e5 2. Nf3 Nc6 3. d4 exd4 4. Nxd4 Nf6 5. Nc3 Bb4 6. Nxc6 bxc6 7. Bd3 O-O 8.
O-O d5 9. exd5 Bg4 10. f3 Bh5 11. dxc6 Qd4+ 12. Kh1 Bxc3 13. bxc3 Qxc3 14. Bf4
Qxc6 15. Re1 Rfd8 16. Qe2 Bg6 17. Bb5 Qc5 18. Bg3 Nd5 19. Bf2 Qc3 20. Rac1 h5
21. Qc4 c6 22. Qxc3 Nxc3 23. Bxc6 Rac8 24. Bb7 Rc7 25. Ba6 Nxa2 26. Rcd1 Rxd1
27. Rxd1 Nb4 28. Ra1 Bxc2 29. h3 Bd3 30. Bxd3 Nxd3 31. Bxa7 g5 32. Ra5 g4 33.
hxg4 hxg4 0-1

[Event "AUTO-OPEN-4610"]
[Site "http://www.queenalice.com/game.php?id=1871185"]
[Date "2026.3.29"]
[Round "2"]
[White "Capixaba789"]
[Black "rockaudrey"]
[Result "0-1"]
[WhiteElo "1840"]
[BlackElo "2291"]

1. d4 Nf6 2. c4 g6 3. Nc3 Bg7 4. e4 d6 5. f4 O-O 6. Nf3 c5 7. d5 Nbd7 8. Bd3 Nb6
9. O-O e6 10. Kh1 Re8 11. Ne2 exd5 12. cxd5 Nxe4 13. Bxe4 Rxe4 14. Ng3 Re8 15.
Rb1 Bg4 16. Qb3 c4 17. Qc2 Rc8 18. Bd2 Nxd5 19. Ng5 h6 20. N5e4 b5 21. Bc3 Ne3
22. Qf2 Nxf1 23. Rxf1 d5 24. Bxg7 Kxg7 25. Qd4+ f6 26. Nf2 h5 27. Qxa7+ Qd7 28.
Qd4 Bf5 29. Nxf5+ Qxf5 30. Nd1 Re4 31. Qf2 Rce8 0-1

[Event "AUTO-OPEN-4638"]
[Site "http://www.queenalice.com/game.php?id=1873101"]
[Date "2026.5.8"]
[Round "2"]
[White "josebaron"]
[Black "rockaudrey"]
[Result "1-0"]
[WhiteElo "2201"]
[BlackElo "2293"]

1. e4 c5 2. Nf3 d6 3. Bb5+ Nd7 4. Nc3 Nf6 5. O-O e6 6. e5 dxe5 7. Bxd7+ Nxd7 8.
d3 a6 9. Re1 Qc7 10. a4 Be7 11. h3 O-O 12. a5 b6 13. axb6 Qxb6 14. Nxe5 Nxe5 15.
Rxe5 Bb7 16. Re1 Qc6 17. f3 Bh4 18. Re4 Bf6 19. Ne2 Qb6 20. Rg4 c4+ 21. d4 Rfd8
22. Bg5 Bxg5 23. Rxg5 Rab8 24. Rc5 Qxb2 25. Rxc4 Bd5 26. Rc3 Qb5 27. Rc5 Qb6 28.
c4 Ba8 29. Rca5 1-0

[Event "AUTO-OPEN-4605"]
[Site "http://www.queenalice.com/game.php?id=1873832"]
[Date "2026.5.22"]
[Round "2"]
[White "WoodpusherKid"]
[Black "rockaudrey"]
[Result "1-0"]
[WhiteElo "2710"]
[BlackElo "2297"]

1. e4 c5 2. Nc3 Nc6 3. Nf3 e6 4. d4 cxd4 5. Nxd4 a6 6. Bf4 d6 7. Nxc6 bxc6 8.
Bc4 Nf6 9. h3 Be7 10. O-O d5 11. Bd3 1-0

[Event "AUTO-OPEN-4605"]
[Site "http://www.queenalice.com/game.php?id=1873833"]
[Date "2026.5.22"]
[Round "2"]
[White "rockaudrey"]
[Black "WoodpusherKid"]
[Result "0-1"]
[WhiteElo "2296"]
[BlackElo "2711"]

1. e4 e5 2. Nf3 Nc6 3. d4 exd4 4. Nxd4 Nf6 5. Nc3 Bb4 6. Nxc6 bxc6 7. Bd3 d5 8.
exd5 cxd5 9. O-O O-O 10. h3 Re8 11. Bg5 Bxc3 0-1

[Event "AUTO-OPEN-4605"]
[Site "http://www.queenalice.com/game.php?id=1873836"]
[Date "2026.5.22"]
[Round "2"]
[White "Cerberus"]
[Black "rockaudrey"]
[Result "1-0"]
[WhiteElo "2709"]
[BlackElo "2238"]

1. e4 c5 2. Nf3 d6 3. d4 cxd4 4. Nxd4 Nf6 5. Nc3 a6 6. Be2 e5 7. Nb3 Be6 8. O-O
Be7 9. Qd3 O-O 10. Bd2 Nc6 11. Nd5 Bxd5 12. exd5 e4 13. Qe3 Nxd5 14. Qxe4 Nf6
15. Qf5 1-0

[Event "AUTO-OPEN-4605"]
[Site "http://www.queenalice.com/game.php?id=1873837"]
[Date "2026.5.22"]
[Round "2"]
[White "rockaudrey"]
[Black "Cerberus"]
[Result "0-1"]
[WhiteElo "2239"]
[BlackElo "2708"]

1. e4 c6 2. Nf3 d5 3. d3 dxe4 4. Ng5 e5 5. Nxe4 f5 6. Nec3 Nf6 7. Be2 Bd6 8. d4
O-O 9. dxe5 Bxe5 10. O-O Qc7 11. h3 Be6 12. Nd2 Nbd7 13. Nf3 Bxc3 14. bxc3 Ne4
0-1